Szanse rozwoju wolnych obszarów celnych w Polsce.
Slobodné colné pásma v Poľsku (SCP) a ich vývoj. Špeciálne ekonomické pásma. Slobodné colné pásmo v prístave Malaszewicze-Terespol a jeho hlavné výhody. Zásady fungovania slobodného colného pásma. Subjekt riadiaci SCP. Tovarový obrat medzi SCP a zvýšeným colným pásmom. Zdanenie subjektov pracujúcich...
Gespeichert in:
| 1. Verfasser: | |
|---|---|
| Format: | Buchkapitel |
| Sprache: | Polnisch |
| Schlagworte: | |
| Tags: |
Keine Tags, Fügen Sie das erste Tag hinzu!
|
MARC
| LEADER | 00000naa a2200000 4500 | ||
|---|---|---|---|
| 001 | r005530 | ||
| 005 | 20221125123215.3 | ||
| 041 | 0 | |a pol | |
| 044 | |a PL | ||
| 245 | 1 | 0 | |a Szanse rozwoju wolnych obszarów celnych w Polsce. |c J. Brdulak |
| 520 | |a Slobodné colné pásma v Poľsku (SCP) a ich vývoj. Špeciálne ekonomické pásma. Slobodné colné pásmo v prístave Malaszewicze-Terespol a jeho hlavné výhody. Zásady fungovania slobodného colného pásma. Subjekt riadiaci SCP. Tovarový obrat medzi SCP a zvýšeným colným pásmom. Zdanenie subjektov pracujúcich na území SCP. | ||
| 610 | 2 | 0 | |a oblasti obchodu voľného |
| 610 | 2 | 0 | |a obrat tovaru |
| 610 | 2 | 0 | |a zamestnanci |
| 610 | 2 | 0 | |a dane |
| 610 | 2 | 0 | |a PR |
| 610 | 2 | 0 | |a clá |
| 100 | 1 | |a Brdulak, J. | |